<?xml version="1.0" encoding="UTF-8"?><?xml-stylesheet type="text/xsl" href="static/style.xsl"?><OAI-PMH xmlns="http://www.openarchives.org/OAI/2.0/" xmlns:xsi="http://www.w3.org/2001/XMLSchema-instance" xsi:schemaLocation="http://www.openarchives.org/OAI/2.0/ http://www.openarchives.org/OAI/2.0/OAI-PMH.xsd"><responseDate>2026-06-04T12:43:28Z</responseDate><request verb="GetRecord" identifier="oai:riuma.uma.es:10630/20743" metadataPrefix="marc">https://riuma.uma.es/rest/oai/request</request><GetRecord><record><header><identifier>oai:riuma.uma.es:10630/20743</identifier><datestamp>2026-02-03T10:22:34Z</datestamp><setSpec>com_10630_1685</setSpec><setSpec>col_10630_38055</setSpec></header><metadata><record xmlns="http://www.loc.gov/MARC21/slim" xmlns:dcterms="http://purl.org/dc/terms/" xmlns:doc="http://www.lyncode.com/xoai" xmlns:xsi="http://www.w3.org/2001/XMLSchema-instance" xsi:schemaLocation="http://www.loc.gov/MARC21/slim http://www.loc.gov/standards/marcxml/schema/MARC21slim.xsd">
   <leader>00925njm 22002777a 4500</leader>
   <datafield ind2=" " ind1=" " tag="042">
      <subfield code="a">dc</subfield>
   </datafield>
   <datafield ind2=" " ind1=" " tag="720">
      <subfield code="a">Castiñeira Pereira, Melissa</subfield>
      <subfield code="e">author</subfield>
   </datafield>
   <datafield ind2=" " ind1=" " tag="260">
      <subfield code="c">2021-01-18</subfield>
   </datafield>
   <datafield ind2=" " ind1=" " tag="520">
      <subfield code="a">En este proyecto se ha realizado una investigación entorno a la memoria y cómo procesamos nuestros recuerdos, por medio de los sentidos. Estosrecuerdos son evocados con frecuencia en nuestra mente por medio denuestros propios objetos u otros similares a ellos. Esto se debe, a que enellos depositamos nuestras vivencias y a cambio estos se convierten en un reflejo de nosotros mismos. Por esto, en enfermedades como el alzheimer se recomienda rodearse de lo que conocemos. Puesto que los elementos u objetos que nos rodean ejercen de estímulo positivo para nuestra mente.&#xd;
Pero esta idea se ve truncada por la sociedad de consumo. Ya que de la mano del consumismo viene el desapego por los objetos. Aquella sensación de aprecio y mimo por un elemento cargado de historia está destinada al olvido. Frente a este movimiento social del desapego surge un movimiento contrario, el del coleccionista. Aquellos que coleccionan no solo objetos,&#xd;
sino la historia que estos tienen tras de sí. Y en este converge mi proyecto, en la colección de objetos con historias sin revelar. La obra consta de varias series fotográficas, en las que el objeto encontrado se alza como protagonista.</subfield>
   </datafield>
   <datafield ind1="8" ind2=" " tag="024">
      <subfield code="a">https://hdl.handle.net/10630/20743</subfield>
   </datafield>
   <datafield tag="653" ind2=" " ind1=" ">
      <subfield code="a">Bellas Artes - Trabajos Fin de Grado</subfield>
   </datafield>
   <datafield tag="653" ind2=" " ind1=" ">
      <subfield code="a">Grado en Bellas Artes - Trabajos Fin de Grado</subfield>
   </datafield>
   <datafield tag="653" ind2=" " ind1=" ">
      <subfield code="a">Arte</subfield>
   </datafield>
   <datafield tag="653" ind2=" " ind1=" ">
      <subfield code="a">Memorias y recuerdos - En el arte</subfield>
   </datafield>
   <datafield ind2="0" ind1="0" tag="245">
      <subfield code="a">Oculta a plena vista = hidden in plain sigt</subfield>
   </datafield>
</record>
</metadata></record></GetRecord></OAI-PMH>